| 000 | 00643cam a22002051 4500 | ||
|---|---|---|---|
| 001 | 44697 | ||
| 090 | _a44697 | ||
| 100 | _a19950203d1974 k y0pory5003 ba | ||
| 101 | 1 | _apor | |
| 102 | _aPT | ||
| 200 | 1 |
_aLinguística românica _fHeinrich Lausberg _gtrad. Marion Ehrhardt, Maria Luísa Schemann |
|
| 210 | 9 |
_aLisboa _cFundação Calouste Gulbenkian, _d1974 |
|
| 215 |
_a458, [1] p. _d23 cm |
||
| 304 | _aTít. orig.: Romanische sprachwissenchaft | ||
| 675 |
_a804 _vmed _zpor |
||
| 700 | 1 |
_aLausberg, _bHeinrich, _f1912-1992 |
|
| 702 | 1 |
_aEhrhardt, _bMarion, _f1932-2011 _4730 |
|
| 702 | 1 |
_aSchemann, _bLuiza, _f1934- _4730 |
|
| 801 | 0 |
_aPT _bBN _gRPC |
|
| 990 | _cLIVROS | ||